De emperador a ciudadano: autobiografía
Guardat en:
| Autor principal: | |
|---|---|
| Format: | Llibre |
| Idioma: | espanyol |
| Publicat: |
Beijing
En Lenguas Extranjeras
1991
|
| Matèries: | |
| Etiquetes: |
Afegir etiqueta
Sense etiquetes, Sigues el primer a etiquetar aquest registre!
|
MARC
| LEADER | 00000nam a2200000 a 4500 | ||
|---|---|---|---|
| 001 | UCL4785 | ||
| 003 | CL-VaPUC | ||
| 008 | 040227e19910000CH |||||||||||||||||spa|d | ||
| 020 | |a 7119009931 | ||
| 082 | 0 | 4 | |a 321.03 |b PUY |2 21 |
| 100 | 0 | |a Pu Yi, Aisin-Gioro |e author |9 482445 | |
| 245 | 1 | 0 | |a De emperador a ciudadano: autobiografía |
| 300 | |a 493 p | ||
| 942 | |c BK | ||
| 945 | |d 20040227 00:00:00 |a cmena | ||
| 260 | |a Beijing |b En Lenguas Extranjeras |c 1991 | ||
| 650 | 0 | |a Imperialismo |9 258264 | |
| 650 | 0 | |a Doctrinas políticas |9 255835 | |
| 650 | 0 | |a Historia de China |9 434737 | |
| 650 | 0 | |a Autobiografías |9 265171 | |
| 583 | |a last modification |c 20040227 00:00:00 |k Rodrigo Vera | ||
| 999 | |c 307554 |d 307552 | ||
| 952 | |0 0 |1 0 |4 0 |6 321_030000000000000_PUY_1991 |7 0 |8 A |9 373571 |a BIBGIM |b BIBGIM |d 2019-11-21 |i 3972038 |o 321.03 PUY 1991 |p 3972038 |r 2025-01-15 |w 2019-11-21 |y BK |k ORI | ||